Samospráva obcí
Vymedzenie samosprávy obce. Legislatívna úprava. Obec a vyšší územný celok financujú svoje potreby. Samosprávu obce vykonávajú obyvatelia obce - orgánmi obce, hlasovaním obyvateľov obce, verejným zhromaždením obyvateľov obce. Náplň činnosti obce, jednotlivé činnosti, ktoré obec vykonáva.
Saved in:
| Main Author: | |
|---|---|
| Format: | Book Chapter |
| Language: | Slovak |
| Subjects: | |
| Tags: |
No Tags, Be the first to tag this record!
|
MARC
| LEADER | 00000naa$a2200000$$$4500 | ||
|---|---|---|---|
| 001 | 0107255 | ||
| 005 | 20231120114036.5 | ||
| 041 | 0 | |a slo | |
| 044 | |a SK | ||
| 245 | 1 | 0 | |a Samospráva obcí |c Soňa Kubincová |
| 520 | |a Vymedzenie samosprávy obce. Legislatívna úprava. Obec a vyšší územný celok financujú svoje potreby. Samosprávu obce vykonávajú obyvatelia obce - orgánmi obce, hlasovaním obyvateľov obce, verejným zhromaždením obyvateľov obce. Náplň činnosti obce, jednotlivé činnosti, ktoré obec vykonáva. | ||
| 610 | 2 | 0 | |a obce |
| 610 | 2 | 0 | |a samospráva |
| 610 | 2 | 0 | |a financovanie |
| 610 | 2 | 0 | |a legislatíva |
| 100 | 1 | |a Kubincová, Soňa | |